| Tag |
First Indicator |
Second Indicator |
Subfields |
| LEADER |
00000cas a2200000 i 4500 |
| 001 |
in00004085521 |
| 005 |
20200117105109.0 |
| 006 |
m o | |
| 007 |
cr ||||||||||| |
| 008 |
190816d20042012mdu x or f0 0eng c |
| 010 |
|
|
|a 2019231360
|
| 035 |
|
|
|a (OCoLC)on1112356806
|
| 040 |
|
|
|a GPO
|b eng
|e rda
|e pn
|c GPO
|d MvI
|d UtOrBLW
|
| 042 |
|
|
|a pcc
|
| 043 |
|
|
|a n-us---
|
| 049 |
|
|
|a WWW
|
| 074 |
|
|
|a 0609-C-09 (online)
|
| 086 |
0 |
|
|a C 55.338:
|
| 245 |
0 |
0 |
|a USDC participants list for firms, facilities and products.
|
| 246 |
1 |
|
|a United States Department of Commerce participants list for firms, facilities and products
|
| 264 |
|
1 |
|a [Silver Spring, Md.] :
|b U.S. Department of Commerce, NOAA,
|c 2004-
|
| 300 |
|
|
|a 1 online resource (volumes)
|
| 310 |
|
|
|a Irregular
|
| 336 |
|
|
|a text
|b txt
|2 rdacontent
|
| 337 |
|
|
|a computer
|b c
|2 rdamedia
|
| 338 |
|
|
|a online resource
|b cr
|2 rdacarrier
|
| 362 |
1 |
|
|a Began with: Volume 19, no. 1 (January 2004); ceased in 2012?
|
| 588 |
|
|
|a Description based on: Volume 19, no. 2 (July 2004)(revised 10/6/04); title from PDF title page (Internet Archive website, viewed Aug. 16, 2019).
|
| 588 |
|
|
|a Latest issue consulted: As of 12/19/2012 (Internet Archive website, viewed Aug. 16, 2019).
|
| 650 |
|
0 |
|a Fishery processing
|z United States
|v Directories.
|
| 650 |
|
0 |
|a Fishery products
|x Grading
|v Periodicals.
|
| 655 |
|
7 |
|a Directories.
|2 lcgft
|0 http://id.loc.gov/authorities/genreForms/gf2014026087
|
| 710 |
2 |
|
|a Seafood Inspection Program (U.S.),
|e issuing body.
|0 http://id.loc.gov/authorities/names/no2007031806
|
| 776 |
0 |
8 |
|i Print version:
|t USDC participants list for firms, facilities and products
|w (OCoLC)56726355
|
| 780 |
0 |
0 |
|t USDC approved list of fish establishments and products
|w (DLC) 00230563
|w (OCoLC)45483972
|
| 785 |
0 |
0 |
|t USDC approved establishments
|w (DLC) 2019231336
|w (OCoLC)1112199866
|
| 856 |
4 |
0 |
|u https://purl.fdlp.gov/GPO/gpo124418
|t 0
|
| 999 |
f |
f |
|s 7ca46ae7-5fce-3450-ba9b-4d6820a71916
|i f8f2695a-c831-3429-8dba-a48a4a5ab59b
|t 0
|
| 952 |
f |
f |
|a Texas A&M University
|b College Station
|c Electronic Resources
|d Available Online
|t 0
|e C 55.338:
|h Superintendent of Documents classification
|
| 998 |
f |
f |
|a C 55.338:
|t 0
|l Available Online
|